Manager's guide to virtual teams / (Record no. 144959)
[ view plain ]
| 000 -LEADER | |
|---|---|
| fixed length control field | 01002cam a2200301 a 4500 |
| 001 - CONTROL NUMBER | |
| control field | vtls003233320 |
| 003 - CONTROL NUMBER IDENTIFIER | |
| control field | MY-SjTCS |
| 005 - DATE AND TIME OF LATEST TRANSACTION | |
| control field | 20200226115218.0 |
| 008 - FIXED-LENGTH DATA ELEMENTS--GENERAL INFORMATION | |
| fixed length control field | 120628s2011 nyua e b 001 0 eng |
| 020 ## - INTERNATIONAL STANDARD BOOK NUMBER | |
| International Standard Book Number | 9780071754934 (pbk.) |
| 020 ## - INTERNATIONAL STANDARD BOOK NUMBER | |
| International Standard Book Number | 0071754938 (pbk.) |
| 035 ## - SYSTEM CONTROL NUMBER | |
| System control number | 17206637 |
| 039 #9 - LEVEL OF BIBLIOGRAPHIC CONTROL AND CODING DETAIL [OBSOLETE] | |
| Level of rules in bibliographic description | 201208151246 |
| Level of effort used to assign nonsubject heading access points | shuhada |
| Level of effort used to assign subject headings | 201208151245 |
| Level of effort used to assign classification | shuhada |
| -- | 201206281144 |
| -- | malathy |
| 082 04 - DEWEY DECIMAL CLASSIFICATION NUMBER | |
| Classification number | 658.4022 |
| Item number | FIS 2011 |
| 100 1# - MAIN ENTRY--PERSONAL NAME | |
| Personal name | Fisher, Kimball. |
| 9 (RLIN) | 42706 |
| 245 10 - TITLE STATEMENT | |
| Title | Manager's guide to virtual teams / |
| Statement of responsibility, etc. | Kimball Fisher and Mareen Duncan Fisher. |
| 260 ## - PUBLICATION, DISTRIBUTION, ETC. | |
| Place of publication, distribution, etc. | New York : |
| Name of publisher, distributor, etc. | McGraw-Hill, |
| Date of publication, distribution, etc. | c2011. |
| 300 ## - PHYSICAL DESCRIPTION | |
| Extent | xiv, 224 p. : |
| Other physical details | ill. ; |
| Dimensions | 24 cm. |
| 490 1# - SERIES STATEMENT | |
| Series statement | Briefcase book |
| 504 ## - BIBLIOGRAPHY, ETC. NOTE | |
| Bibliography, etc. note | Includes bibliographical references and index. |
| 650 #0 - SUBJECT ADDED ENTRY--TOPICAL TERM | |
| Topical term or geographic name entry element | Virtual work teams |
| General subdivision | Management. |
| 650 #0 - SUBJECT ADDED ENTRY--TOPICAL TERM | |
| Topical term or geographic name entry element | Personnel management. |
| 650 #0 - SUBJECT ADDED ENTRY--TOPICAL TERM | |
| Topical term or geographic name entry element | Teams in the workplace. |
| 650 #0 - SUBJECT ADDED ENTRY--TOPICAL TERM | |
| Topical term or geographic name entry element | Telecommuting. |
| 9 (RLIN) | 4033 |
| 700 1# - ADDED ENTRY--PERSONAL NAME | |
| Personal name | Fisher, Mareen Duncan. |
| 9 (RLIN) | 42707 |
| 830 #0 - SERIES ADDED ENTRY--UNIFORM TITLE | |
| Uniform title | Briefcase book. |
| 9 (RLIN) | 15637 |
| 920 ## - Programme | |
| Programme | GENLS : 185221 |
| Withdrawn status | Lost status | Source of classification or shelving scheme | Damaged status | Not for loan | Home library | Current library | Date acquired | Total Checkouts | Barcode | Date last seen | Date last checked out | Copy number | Koha item type | Public note |
|---|---|---|---|---|---|---|---|---|---|---|---|---|---|---|
| Dewey Decimal Classification | Taylor's Library-TU | Taylor's Library-TU | 12/07/2012 | 2 | 5000133697 | 05/12/2019 | 17/10/2016 | 1 | Main Collection | GENLS,GENLS,03,GR |